000 00507nam a2200217Ia 4500
003 OSt
005 20221005130638.0
006 a|||||r|||| 00| 0
007 ta
008 221004b |||||||| |||| 00| 0 mar d
024 _a46663
037 _cTextual
040 _aCRL
_cCRL
_bmar
041 _2mar
_amar
082 _aR4, 155B5
100 _aBapat
_9204926
245 0 _aSadhrartana
650 _aPHILOSOPHY
942 _hR4, 155B5
_cTEXL
_2cc
999 _c1057902
_d1057902